000 01180nam a22003377a 4500
003 CHAP
005 20220329140640.0
008 971013s1986 r 00010 d
010 _a55321
011 _a56293
035 _a60446
040 _cCHAP
090 _aTesis
100 0 0 _aSaules García, Ricardo.
_9102744
245 _aEstudio de algunas características físicas y químicas del suelo, en relación al cultivo de soya, inoculada con Rhizobium en Sta. Cruz Acalpixca, Xochimilco
260 _aMéxico, D.F. :
_bEl autor,
_c1986
300 _a88 h.
_b: ilus.
502 _aTesis (Químico Farmacéutico Biólogo) -- UNAM. Facultad de Química
590 _aALEPH
_b10
_c20130110
_lUCH01
_h1333
590 _aBATCH-UPD
_b10
_c20130110
_lUCH01
_h1522
590 _aBATCH-UPD
_b10
_c20130410
_lUCH01
_h0933
590 _aBATCH-UPD
_b10
_c20130914
_lUCH01
_h2003
590 _aCONVERSION
_b10
_c20130109
_lUCH01
_h1330
650 1 4 _aRhizobium.
_997124
650 1 4 _aSoya
_xInoculación.
_9109063
650 1 4 _aSuelos
_xAnálisis.
_9110204
650 1 4 _aSuelos
_xMéxico (D.F.)
_9110443
901 _aBK
942 _cTESIS
949 _bBC
_cTES
_d-130299
_eTS1
_h18476
_i60446
_si
999 _c55321
_d55321